[Event "Druzynowe Mistrzostwa Polski Juniorow - Ekstraliga"]
[Site "Osrodek Wczasowo - Szkoleniowy "Relax" ul. Stroma 20, 43-450 Ustron"]
[Date "2011-06-29"]
[Round "6.1"]
[White "Swiercz, Dariusz"]
[Black "Lapaj, Mateusz"]
[Result "1-0"]
[WhiteTitle "GM"]
[BlackTitle "I+"]
[WhiteElo "2553"]
[BlackElo "2021"]

1. d4 Nf6 2. g3 g6 3. Bg2 Bg7 4. e4 d6 5. Nc3 O-O 6. Nge2 c5 7. dxc5 dxc5 8. Qxd8
Rxd8 9. e5 Nfd7 10. f4 Nb6 11. Be3 Na6 12. b3 Rb8 13. Rd1 Rxd1+ 14. Kxd1 Nd7 15.
Nb5 f6 16. Nxa7 fxe5 17. Nxc8 Rxc8 18. Bxb7 Rd8 19. Bxa6 Nb8+ 20. Bd3 e4 21. Nc1
Nc6 22. Bxc5 exd3 23. Nxd3 1-0

[Event "Druzynowe Mistrzostwa Polski Juniorow - Ekstraliga"]
[Site "Osrodek Wczasowo - Szkoleniowy "Relax" ul. Stroma 20, 43-450 Ustron"]
[Date "2011-06-29"]
[Round "6.2"]
[White "Szolc, Grzegorz"]
[Black "Wieczorek, Oskar"]
[Result "0-1"]
[WhiteTitle "II"]
[BlackTitle "m"]
[WhiteElo "1733"]
[BlackElo "2383"]

1. e4 c5 2. Nf3 e6 3. d4 cxd4 4. Nxd4 Nf6 5. Nc3 d6 6. Bg5 h6 7. Bxf6 Qxf6 8. Be2
Nc6 9. Nb3 Qd8 10. O-O Be7 11. Qd2 O-O 12. Rad1 a6 13. a4 Qc7 14. f4 Na5 15. Kh1
Nxb3 16. cxb3 Bd7 17. f5 Qc5 18. Rf3 Rad8 19. Rdf1 b5 20. Qf4 Bf6 21. Qg3 exf5
22. exf5 Bc6 23. Rd3 b4 24. Nd1 Rfe8 25. Bg4 Be4 26. Rd2 d5 27. Nf2 a5 28. Nd3
Qb6 29. Rfd1 d4 30. Nf2 Bb7 31. Bf3 Bxf3 32. Qxf3 Re3 33. Qg4 Rde8 34. h4 Qc7
35. Nd3 R8e4 0-1

[Event "Druzynowe Mistrzostwa Polski Juniorow - Ekstraliga"]
[Site "Osrodek Wczasowo - Szkoleniowy "Relax" ul. Stroma 20, 43-450 Ustron"]
[Date "2011-06-29"]
[Round "6.3"]
[White "Khamidov, Komil"]
[Black "Rosicki, Marcin"]
[Result "1-0"]
[WhiteTitle "I"]
[BlackTitle "II"]
[WhiteElo "2040"]
[BlackElo "1603"]

1. e4 c5 2. Nf3 Nc6 3. d4 cxd4 4. Nxd4 e5 5. Nb5 a6 6. Nd6+ Bxd6 7. Qxd6 Qf6 8.
Qc7 Nge7 9. Nc3 Nb4 10. Bd3 d5 11. O-O d4 12. Na4 Qc6 13. Qa5 Nxd3 14. cxd3 b5
15. Nb6 Rb8 16. Nxc8 Rxc8 17. Bg5 Qg6 18. Bd2 O-O 19. Rac1 Qe6 20. b3 h6 21. h3
Rxc1 22. Rxc1 Rc8 23. Rc7 Qd6 24. Ra7 Rc6 25. g3 Nc8 26. Bb4 Qf6 27. Rc7 Kh7 28.
Kg2 Qe6 29. Bc5 Qf6 30. b4 Qe6 31. a3 Qf6 32. Rxc6 Qxc6 33. Qd8 Qe6 34. Qd5 Qe8
35. f4 f6 36. Qb7 exf4 37. gxf4 Qh5 38. Bxd4 Qe2+ 39. Bf2 Nd6 40. Qd5 1-0

[Event "Druzynowe Mistrzostwa Polski Juniorow - Ekstraliga"]
[Site "Osrodek Wczasowo - Szkoleniowy "Relax" ul. Stroma 20, 43-450 Ustron"]
[Date "2011-06-29"]
[Round "6.4"]
[White "Erdmann, Krzysztof"]
[Black "Kulas, Szymon"]
[Result "0-1"]
[WhiteTitle "II"]
[BlackTitle "I"]
[WhiteElo "1597"]
[BlackElo "1945"]

1. e4 c5 2. Nf3 d6 3. d4 cxd4 4. Nxd4 Nf6 5. Nc3 Nc6 6. Bg5 e6 7. Qd2 a6 8. O-O-O
Bd7 9. f4 b5 10. Nxc6 Bxc6 11. Bd3 Qb6 12. Bxf6 gxf6 13. f5 h5 14. Kb1 Ra7 15.
Qf4 Qc5 16. fxe6 fxe6 17. Rhf1 Rf7 18. Qf2 Qxf2 19. Rxf2 Ke7 20. Rdf1 Bh6 21.
Ne2 Rg8 22. Nd4 Bb7 23. Re2 Rfg7 24. g3 Rg4 25. c3 h4 26. gxh4 Rxh4 27. Ref2 Rf8
28. Re2 Bf4 29. Rff2 Rfh8 30. Kc2 Be5 31. Nf3 R4h5 32. Kb3 d5 33. Nxe5 Rxe5 34.
exd5 Bxd5+ 35. Kc2 Reh5 36. b3 Rh4 37. Kd2 R8h6 38. Kc2 e5 39. Bf5 Be6 40. Be4
R6h5 41. Bb7 a5 42. Bc6 b4 43. c4 Bxc4 44. Rd2 Be6 45. Rg2 Rh7 46. Bd5 Bxd5 47.
Rxd5 Rxh2 0-1

[Event "Druzynowe Mistrzostwa Polski Juniorow - Ekstraliga"]
[Site "Osrodek Wczasowo - Szkoleniowy "Relax" ul. Stroma 20, 43-450 Ustron"]
[Date "2011-06-29"]
[Round "6.5"]
[White "Iwanow, Anna"]
[Black "Rudol, Maria"]
[Result "1-0"]
[WhiteTitle "WFM"]
[BlackTitle "II"]
[WhiteElo "2162"]
[BlackElo "1462"]

1. d4 d5 2. c4 e6 3. cxd5 exd5 4. Nc3 Nf6 5. Bg5 Be7 6. e3 O-O 7. Bd3 c6 8. Qc2
h6 9. Bh4 Be6 10. Nf3 Nbd7 11. h3 Re8 12. O-O-O Bb4 13. Ne5 Qc8 14. f4 Be7 15.
f5 Nxe5 16. dxe5 Nd7 17. Bg3 Bg5 18. fxe6 Bxe3+ 19. Kb1 Rxe6 20. Bf5 Re8 21. Nxd5
Bb6 22. Bxd7 1-0

[Event "Druzynowe Mistrzostwa Polski Juniorow - Ekstraliga"]
[Site "Osrodek Wczasowo - Szkoleniowy "Relax" ul. Stroma 20, 43-450 Ustron"]
[Date "2011-06-29"]
[Round "6.6"]
[White "Rudol, Matylda"]
[Black "Dadello, Aleksandra"]
[Result "1/2-1/2"]
[WhiteTitle "II"]
[BlackTitle "I+"]
[WhiteElo "1466"]
[BlackElo "1802"]

1. e4 e6 2. Nc3 d5 3. Nf3 Nf6 4. e5 Nfd7 5. d4 c5 6. dxc5 Nc6 7. Bf4 Bxc5 8. Bd3
Ne7 9. O-O Ng6 10. Bg3 O-O 11. Ne2 f6 12. Bxg6 hxg6 13. exf6 gxf6 14. Nf4 Kf7
15. Nxg6 Rg8 16. Nf4 Nb6 17. Nh4 e5 18. Qh5+ Ke7 19. Nfg6+ Kd6 20. Nf5+ Kc6 21.
Ngh4 Rg5 22. Qh7 Nc4 23. b3 Nd2 24. Rfd1 Ne4 25. c4 Be6 26. cxd5+ Bxd5 27. Ne3
Bxe3 28. fxe3 Nxg3 29. hxg3 Qb6 30. Rac1+ Kd6 31. Nf5+ Ke6 32. Rf1 Re8 33. Qh3
Kf7 34. Nh6+ Ke7 35. Rce1 Be6 36. Nf5+ Bxf5 37. Rxf5 Reg8 38. Rxg5 Rxg5 39. Qh7+
Ke6 40. Qe4 Rxg3 41. Kf2 Rg7 42. Rc1 Rc7 43. Qg4+ Kf7 44. Qh5+ Kg7 45. Qg4+ 1/2-1/2

[Event "Druzynowe Mistrzostwa Polski Juniorow - Ekstraliga"]
[Site "Osrodek Wczasowo - Szkoleniowy "Relax" ul. Stroma 20, 43-450 Ustron"]
[Date "2011-06-29"]
[Round "6.7"]
[White "Sadzikowski, Daniel"]
[Black "Matuszewski, Michal"]
[Result "1-0"]
[WhiteTitle "FM"]
[BlackTitle "m"]
[WhiteElo "2374"]
[BlackElo "2319"]

1. d4 f5 2. c4 Nf6 3. Nf3 g6 4. g3 Bg7 5. Bg2 O-O 6. O-O d6 7. Nc3 Qe8 8. Re1 Qf7
9. e4 fxe4 10. Nxe4 Nxe4 11. Rxe4 Bf5 12. Ng5 Qf6 13. Rf4 h6 14. Ne6 g5 15. Rxf5
Qxf5 16. Nxf8 c6 17. Qb3 b6 18. d5 Kxf8 19. dxc6 Na6 20. Be3 Rc8 21. a4 Qa5 22.
Qb5 Nb8 23. Bd2 a6 24. Bxa5 axb5 25. axb5 bxa5 26. Rxa5 Kf7 27. Ra8 Be5 28. b6
1-0

[Event "Druzynowe Mistrzostwa Polski Juniorow - Ekstraliga"]
[Site "Osrodek Wczasowo - Szkoleniowy "Relax" ul. Stroma 20, 43-450 Ustron"]
[Date "2011-06-29"]
[Round "6.8"]
[White "Matuszczyk, Przemyslaw"]
[Black "Lewicki, Miroslaw"]
[Result "1/2-1/2"]
[WhiteTitle "I++"]
[BlackTitle "CM"]
[WhiteElo "2032"]
[BlackElo "2196"]

1. e4 c5 2. Nf3 d6 3. d4 cxd4 4. Qxd4 Bd7 5. c4 Nc6 6. Qd2 g6 7. Be2 Bg7 8. O-O
Nf6 9. Nc3 O-O 10. Rb1 Rc8 11. b3 Ng4 12. Bb2 Bh6 13. Qd1 a6 14. h3 Nge5 15. Nh2
f5 16. f4 Nf7 17. exf5 Bxf5 18. Bd3 Bxd3 19. Qxd3 Bg7 20. Nd5 Bxb2 21. Rxb2 e6
22. Nc3 Qf6 23. Rd2 d5 24. cxd5 Nb4 25. Ne4 Qg7 26. Qg3 exd5 27. Ng5 Nxg5 28.
Qxg5 Rf5 29. Qh4 Qc3 30. Re2 Nc6 31. Ng4 Kh8 32. Ne3 Rf7 33. f5 Nd4 34. Ree1 Nxf5
35. Nxf5 gxf5 36. Qf4 Qg7 37. Re5 d4 38. Qxd4 Rg8 39. Rf2 Rgf8 40. Qd5 Qg6 41.
Re6 Qg7 42. Re5 Qg6 43. Qd3 Rf6 44. Rf3 Rg8 45. Qc2 Rgf8 46. Qf2 Qf7 47. Rg3 f4
48. Rf3 1/2-1/2

[Event "Druzynowe Mistrzostwa Polski Juniorow - Ekstraliga"]
[Site "Osrodek Wczasowo - Szkoleniowy "Relax" ul. Stroma 20, 43-450 Ustron"]
[Date "2011-06-29"]
[Round "6.9"]
[White "Ulanowski, Karol"]
[Black "Cieslak, Patrycjusz"]
[Result "1-0"]
[WhiteTitle "I"]
[BlackTitle "II"]
[WhiteElo "1949"]
[BlackElo "1734"]

1. e4 e5 2. Nf3 Nc6 3. Bb5 a6 4. Ba4 Nf6 5. O-O Be7 6. Re1 b5 7. Bb3 O-O 8. h3
d6 9. c3 Na5 10. Bc2 c5 11. d4 cxd4 12. cxd4 Nc6 13. Be3 Bb7 14. d5 Nb4 15. Bb3
a5 16. a3 Na6 17. Nbd2 Rc8 18. Bc2 b4 19. Bd3 bxa3 20. bxa3 Nc5 21. Bxc5 Rxc5
22. Rb1 Qc7 23. Nb3 Rc3 24. a4 Ra8 25. Qd2 Ba6 26. Bxa6 Rxa6 27. Rbc1 Rxc1 28.
Rxc1 Qa7 29. Qd3 Rb6 30. Nfd2 g6 31. Nc4 Rb4 32. Nbxa5 Rxa4 33. Nc6 Qc7 34. Qb3
Ra8 35. f3 Kf8 36. Nb6 Rb8 37. Rb1 Re8 38. Ra1 Nd7 39. Nc4 Nc5 40. Qb5 Qb7 41.
Nb6 Bd8 42. Nxd8 Rxd8 43. Qc6 Qe7 44. Nc4 Qd7 45. Nxe5 Qe7 46. Ng4 h5 47. Nf2
Qe5 48. Rb1 Qd4 49. Qb6 Rd7 50. Qb2 Qe3 51. Qh8+ Ke7 52. Rb8 Ra7 53. Qd8+ 1-0

[Event "Druzynowe Mistrzostwa Polski Juniorow - Ekstraliga"]
[Site "Osrodek Wczasowo - Szkoleniowy "Relax" ul. Stroma 20, 43-450 Ustron"]
[Date "2011-06-29"]
[Round "6.10"]
[White "Koziol, Kamil"]
[Black "Drop, Szymon"]
[Result "1-0"]
[WhiteTitle "II"]
[BlackTitle "II"]
[WhiteElo "1768"]
[BlackElo "1612"]

1. d4 d5 2. Nc3 e6 3. e4 dxe4 4. Nxe4 Nf6 5. Bg5 Be7 6. Bxf6 Bxf6 7. Nf3 O-O 8.
c3 Bd7 9. Bd3 Bc6 10. Nxf6+ Qxf6 11. Qc2 h6 12. O-O-O Bxf3 13. gxf3 Qxf3 14. Rhg1
Nc6 15. Rg3 Qf4+ 16. Kb1 Ne7 17. Rdg1 g6 18. Qe2 Qf6 19. Qe3 Kg7 20. Rf3 Nf5 21.
Qf4 c6 22. Kc1 Rad8 23. Bxf5 exf5 24. Qxf5 Qxf5 25. Rxf5 Rfe8 26. Kd2 Rd7 27.
Rf3 Rde7 28. Re3 Rxe3 29. fxe3 Re4 30. Kd3 f5 31. a4 Rh4 32. Rg2 Rh3 33. c4 g5
34. c5 f4 35. Re2 Kf7 36. a5 h5 37. b4 g4 38. Ke4 fxe3 39. b5 cxb5 40. a6 bxa6
41. Kd5 Ke7 42. Kc6 Rf3 43. Kb7 Ke6 44. Kc6 h4 45. d5+ Ke5 46. d6 Kd4 47. d7 Rf6+
48. Kc7 Rf7 49. c6 Kd3 50. Re1 Kd2 51. Ra1 e2 52. Kc8 Rf8+ 53. d8=Q+ Rxd8+ 54.
Kxd8 e1=Q 55. Rxe1 Kxe1 56. c7 1-0

[Event "Druzynowe Mistrzostwa Polski Juniorow - Ekstraliga"]
[Site "Osrodek Wczasowo - Szkoleniowy "Relax" ul. Stroma 20, 43-450 Ustron"]
[Date "2011-06-29"]
[Round "6.11"]
[White "Chrzaszcz, Malvina"]
[Black "Krupa, Anna"]
[Result "1-0"]
[WhiteTitle "k"]
[BlackTitle "I++"]
[WhiteElo "2046"]
[BlackElo "1899"]

1. e4 c6 2. d4 d5 3. f3 dxe4 4. fxe4 Nf6 5. Nc3 Bg4 6. Nf3 e6 7. Be2 Bb4 8. Qd3
Nbd7 9. O-O O-O 10. e5 Bf5 11. Qc4 Bxc3 12. exf6 Ba5 13. fxg7 Kxg7 14. Bd3 Bg6
15. Ng5 Qe7 16. a3 Bb6 17. Kh1 Qd6 18. Rf4 Qd5 19. Qc3 f6 20. Nxh7 Rh8 21. Bxg6
Kxg6 22. Qg3+ Kf7 23. Ng5+ Ke7 24. Nf3 Rag8 25. Rg4 Rxg4 26. Qxg4 Kf7 27. Bd2
Rg8 28. Qh4 Qb5 29. Re1 Nf8 30. Bb4 Ng6 31. Qh3 Qd5 32. b3 Nf4 33. Qh7+ Rg7 34.
Qh8 Rg8 35. Qh7+ Rg7 36. Qh6 Nxg2 37. Ne5+ fxe5 38. Rxe5 Qxe5 39. dxe5 Nh4 40.
Qf6+ Kg8 41. Qf8+ Kh7 42. Bc5 Bxc5 43. Qxc5 Nf3 44. Qxa7 Nxe5 45. Qc5 Ng4 46.
h3 Nh6 47. Qd6 Nf5 48. Qxe6 1-0

[Event "Druzynowe Mistrzostwa Polski Juniorow - Ekstraliga"]
[Site "Osrodek Wczasowo - Szkoleniowy "Relax" ul. Stroma 20, 43-450 Ustron"]
[Date "2011-06-29"]
[Round "6.12"]
[White "Konopacka, Martyna"]
[Black "Kasperek, Kinga"]
[Result "1/2-1/2"]
[WhiteTitle "II+"]
[BlackTitle "II+"]
[WhiteElo "1646"]
[BlackElo "1493"]

1. e4 e6 2. d4 c5 3. Nf3 cxd4 4. Nxd4 a6 5. Nc3 b5 6. a3 Bb7 7. Bd3 Be7 8. O-O
Nf6 9. e5 Nd5 10. Nxd5 Bxd5 11. Be2 Qc7 12. Bf4 O-O 13. Bf3 Bxf3 14. Nxf3 Nc6
15. Qd3 Rfd8 16. c4 b4 17. a4 d5 18. exd6 Bxd6 19. Bxd6 Rxd6 20. Qc2 Rad8 21.
Rfd1 Qd7 22. Re1 h6 23. h3 a5 24. Kf1 Nd4 25. Nxd4 Rxd4 26. Re2 Qc7 27. Rc1 Qh2
28. f3 Qf4 29. b3 Rd2 30. Qe4 Qg3 31. Rce1 R2d3 32. Re3 Rd2 33. R3e2 R2d3 1/2-1/2

[Event "Druzynowe Mistrzostwa Polski Juniorow - Ekstraliga"]
[Site "Osrodek Wczasowo - Szkoleniowy "Relax" ul. Stroma 20, 43-450 Ustron"]
[Date "2011-06-29"]
[Round "6.13"]
[White "Dragun, Kamil"]
[Black "Klepaczka, Tomasz"]
[Result "1-0"]
[WhiteTitle "IM"]
[BlackTitle "I++"]
[WhiteElo "2420"]
[BlackElo "2119"]

1. e4 e6 2. d4 d5 3. Nc3 dxe4 4. Nxe4 Nd7 5. Nf3 Ngf6 6. Nxf6+ Nxf6 7. c3 c5 8.
Be3 cxd4 9. Bxd4 Qc7 10. Ne5 Nd7 11. Bb5 Bd6 12. Nc4 Bf8 13. Qd2 a6 14. Bb6 Qb8
15. Ba4 Be7 16. Rd1 1-0

[Event "Druzynowe Mistrzostwa Polski Juniorow - Ekstraliga"]
[Site "Osrodek Wczasowo - Szkoleniowy "Relax" ul. Stroma 20, 43-450 Ustron"]
[Date "2011-06-29"]
[Round "6.14"]
[White "Budzinski, Jan"]
[Black "Siwiec, Arkadiusz"]
[Result "0-1"]
[WhiteTitle "I"]
[BlackTitle "I++"]
[WhiteElo "1960"]
[BlackElo "2123"]

1. e4 c5 2. Nc3 g6 3. f4 Bg7 4. Nf3 e6 5. e5 d5 6. Nb5 Bf8 7. b4 a6 8. Nd6+ Bxd6
9. exd6 cxb4 10. Bb2 f6 11. h4 Qxd6 12. g3 h5 13. Bd3 Rh6 14. Qe2 Nc6 15. Qe3
Bd7 16. Qb6 Qb8 17. Qe3 Qa7 18. Qe2 Qc5 19. c3 bxc3 20. Bxc3 b5 21. Ng5 Ke7 22.
Nf3 Re8 23. Kf1 Kf7 24. Kg2 Nge7 25. Rac1 Qa7 26. Rhe1 Nf5 27. Bxf5 gxf5 28. Qd3
b4 29. Bb2 Qb6 30. Nd4 Na5 31. Nb3 Bb5 32. Qc2 Bc4 33. d3 Bxb3 34. axb3 Re7 35.
Qc8 Nxb3 36. Rc6 Qb7 37. Qxb7 Rxb7 38. Rexe6 a5 39. Rxf6+ Rxf6 40. Rxf6+ Ke7 41.
Ra6 d4 42. Rh6 Rc7 43. Rh7+ Kd6 44. Rh6+ Kd7 45. Rh7+ Kd6 46. Rh6+ Kd5 47. Rxh5
Rc2+ 48. Kh3 Rxb2 49. Rxf5+ Kd6 50. h5 Rc2 51. Rf6+ Ke7 52. Ra6 Nc5 53. Ra7+ Kf6
54. Rc7 Rc1 55. h6 Nxd3 56. h7 Rh1+ 57. Kg2 Rh5 58. g4 Nxf4+ 59. Kf3 Rh1 60. Kxf4
a4 61. Rc4 a3 62. Rxb4 d3 63. h8=Q+ Rxh8 64. Ke3 Rh3+ 0-1

[Event "Druzynowe Mistrzostwa Polski Juniorow - Ekstraliga"]
[Site "Osrodek Wczasowo - Szkoleniowy "Relax" ul. Stroma 20, 43-450 Ustron"]
[Date "2011-06-29"]
[Round "6.15"]
[White "Koitka, Jakub"]
[Black "Osinski, Emil"]
[Result "1/2-1/2"]
[WhiteTitle "I"]
[BlackTitle "II"]
[WhiteElo "1920"]
[BlackElo "1685"]

1. d4 d5 2. c4 e6 3. Nf3 Nf6 4. Bg5 Be7 5. e3 O-O 6. Nc3 Nbd7 7. cxd5 exd5 8. Bd3
c6 9. O-O Ne4 10. Bxe4 Bxg5 11. Bd3 f5 12. Qc2 g6 13. b4 Bf6 14. b5 Nb6 15. a4
Be6 16. Nd2 Rc8 17. a5 Nd7 18. a6 b6 19. bxc6 Nb8 20. Bb5 Nxc6 21. Bxc6 Rxc6 22.
Qb3 Qd7 23. Nb5 Rfc8 24. Nf3 Qg7 25. Qd3 Qd7 26. Ne5 Bxe5 27. dxe5 Rc2 28. Nd4
R2c5 29. Qe2 Rc4 30. Qf3 R8c5 31. Qf4 Kg7 32. Qg5 Qf7 33. Qd8 Bd7 34. Qg5 h6 35.
Qg3 Be6 36. f4 Rc3 37. Qf2 Qd7 38. Qd2 Kf7 39. Rac1 Rxc1 40. Rxc1 Qc8 41. Ra1
Qc7 42. Qe1 Qd8 43. Qe2 Qd7 44. Qb2 Qe8 45. Rb1 Bd7 46. Nb3 Rc4 47. Qd2 Be6 48.
Nd4 Rc5 49. Qd3 Kg7 50. Nb5 Qd7 51. Nd4 Kf7 52. Kf2 Qe7 53. g3 Qd7 54. Qb3 Qc8
55. Ra1 Qd7 56. Qb2 Qc8 57. Qb3 Bd7 58. Ra2 Be6 59. Ra1 Qd7 60. Ra2 Qc8 1/2-1/2

[Event "Druzynowe Mistrzostwa Polski Juniorow - Ekstraliga"]
[Site "Osrodek Wczasowo - Szkoleniowy "Relax" ul. Stroma 20, 43-450 Ustron"]
[Date "2011-06-29"]
[Round "6.16"]
[White "Osinski, Kamil"]
[Black "Delekta, Filip"]
[Result "1-0"]
[WhiteTitle "II+"]
[BlackTitle "II+"]
[WhiteElo "1708"]
[BlackElo "1848"]

1. e4 c5 2. Nc3 Nc6 3. f4 e6 4. Nf3 d5 5. Bb5 d4 6. Ne2 Nf6 7. Bxc6+ bxc6 8. d3
Ba6 9. O-O c4 10. Ne5 cxd3 11. cxd3 Qb6 12. Kh1 Rd8 13. Ng3 Nd7 14. Nxd7 Rxd7
15. e5 c5 16. b3 Qb5 17. Rf3 h6 18. f5 exf5 19. Nxf5 g6 20. Ng3 Bg7 21. Ne4 Bxe5
22. Bf4 Bxf4 23. Nf6+ Ke7 24. Rxf4 Rd6 25. Qf3 Qxd3 26. Re1+ Re6 27. Qf2 Kd8 28.
Rfe4 Rhe8 29. Qf4 Qb5 30. Nxe8 Qxe8 31. Rxe6 fxe6 32. Qd6+ Qd7 33. Qxa6 e5 34.
Qf6+ 1-0

[Event "Druzynowe Mistrzostwa Polski Juniorow - Ekstraliga"]
[Site "Osrodek Wczasowo - Szkoleniowy "Relax" ul. Stroma 20, 43-450 Ustron"]
[Date "2011-06-29"]
[Round "6.17"]
[White "Wisniowska, Klaudia"]
[Black "Tarnowska, Aleksandra"]
[Result "1/2-1/2"]
[WhiteTitle "k"]
[BlackTitle "I"]
[WhiteElo "2022"]
[BlackElo "1814"]

1. e4 d5 2. exd5 Qxd5 3. Nc3 Qa5 4. d4 Nf6 5. Nf3 Bg4 6. Bd2 c6 7. h3 Bh5 8. g4
Bg6 9. Bc4 Qc7 10. Ne5 e6 11. Qe2 Nbd7 12. Nxg6 hxg6 13. O-O-O Nb6 14. Bb3 O-O-O
15. Be3 Nfd5 16. Ne4 a5 17. a3 a4 18. Ba2 Be7 19. Bd2 c5 20. dxc5 Bxc5 21. Nxc5
Qxc5 22. f4 Rd7 23. Kb1 Rhd8 24. Rhf1 Ne3 25. Bxe3 Rxd1+ 26. Rxd1 Rxd1+ 27. Qxd1
Qxe3 28. Qf1 Qc5 29. c3 Kc7 30. Qf3 Nc8 31. Qe2 Nd6 32. Kc2 Qc6 33. h4 b5 34.
b3 axb3+ 35. Bxb3 Qe4+ 36. Qxe4 Nxe4 37. f5 gxf5 38. gxf5 exf5 39. Bxf7 Kd6 40.
c4 bxc4 41. Bxc4 Nc5 42. Kd2 Ke5 43. Ke3 Ne4 44. Bb5 g5 45. hxg5 Nxg5 46. a4 f4+
47. Kf2 Ne4+ 48. Kf3 Nc3 49. Bc6 Nxa4 1/2-1/2

[Event "Druzynowe Mistrzostwa Polski Juniorow - Ekstraliga"]
[Site "Osrodek Wczasowo - Szkoleniowy "Relax" ul. Stroma 20, 43-450 Ustron"]
[Date "2011-06-29"]
[Round "6.18"]
[White "Szymczak, Paula"]
[Black "Gora, Antonina"]
[Result "0-1"]
[WhiteTitle "I"]
[BlackTitle "II+"]
[WhiteElo "1705"]
[BlackElo "1667"]

1. e4 c5 2. c3 Nf6 3. e5 Nd5 4. d4 cxd4 5. cxd4 Nc6 6. Nf3 d6 7. Bc4 Nb6 8. Qe2
d5 9. Bd3 g6 10. O-O Bg7 11. Be3 O-O 12. Nbd2 f6 13. exf6 exf6 14. Nb3 Nb4 15.
Bb1 Nc4 16. a3 Nc6 17. Bd3 Nd6 18. Rac1 Nf5 19. Bb5 Nxe3 20. fxe3 Ne7 21. Rc3
a6 22. Bd3 f5 23. Rfc1 Nc6 24. Nc5 Na7 25. b4 Re8 26. a4 Nc6 27. Nxa6 Nxd4 28.
Nxd4 Bxd4 29. Nc7 Rxe3 30. Nxa8 Rxe2+ 31. Kf1 Rf2+ 32. Ke1 Qe8+ 33. Kd1 Bxc3 34.
Rxc3 Qe3 0-1

[Event "Druzynowe Mistrzostwa Polski Juniorow - Ekstraliga"]
[Site "Osrodek Wczasowo - Szkoleniowy "Relax" ul. Stroma 20, 43-450 Ustron"]
[Date "2011-06-29"]
[Round "6.19"]
[White "Kanarek, Marcel"]
[Black "Dowgird, Filip"]
[Result "1-0"]
[WhiteTitle "IM"]
[BlackTitle "k"]
[WhiteElo "2435"]
[BlackElo "2110"]

1. e4 e6 2. d4 d5 3. Nc3 Nc6 4. Nf3 Nf6 5. Bd3 Bb4 6. O-O Bxc3 7. exd5 Nxd4 8.
bxc3 Nxf3+ 9. Qxf3 Qxd5 10. Qg3 O-O 11. c4 Qa5 12. Bb2 Ne8 13. Rab1 f5 14. Be5
Qc5 15. Rfd1 b6 16. Be2 Bb7 17. Rd7 Rf7 18. Rbd1 Bc6 19. Rxf7 Kxf7 20. Bh5+ g6
21. Bf3 Nd6 22. Bxc6 Qxc6 23. Qh4 Ke8 24. Qxh7 Nf7 25. Bf6 Qc5 26. Qxg6 Qf8 27.
Bg7 Qe7 28. Bh6 1-0

[Event "Druzynowe Mistrzostwa Polski Juniorow - Ekstraliga"]
[Site "Osrodek Wczasowo - Szkoleniowy "Relax" ul. Stroma 20, 43-450 Ustron"]
[Date "2011-06-29"]
[Round "6.20"]
[White "Mondrzycki, Bartlomiej"]
[Black "Weichhold, Pawel"]
[Result "1/2-1/2"]
[WhiteTitle "I"]
[BlackTitle "k+"]
[WhiteElo "2048"]
[BlackElo "2285"]

1. e4 c5 2. Nf3 e6 3. c3 d5 4. exd5 Qxd5 5. d4 Nf6 6. Na3 Nc6 7. Nb5 Qd8 8. dxc5
Bxc5 9. Qxd8+ Kxd8 10. Bf4 Ne4 11. Nbd4 Nxd4 12. Nxd4 e5 13. Bxe5 Re8 14. O-O-O
Rxe5 15. Nc6+ Kc7 16. Nxe5 Nxf2 17. Bd3 Be6 18. b3 Rd8 19. Rhf1 Nxd1 20. Rxd1
h5 21. Kc2 f6 22. Nf3 g5 23. Re1 Bd5 24. Be4 Bf7 25. b4 Bd6 26. g3 Re8 27. Kd3
b5 28. a3 a6 29. Bf5 Bc4+ 30. Kc2 Rh8 31. Be6 h4 32. gxh4 Bxe6 33. Rxe6 g4 34.
Nd4 Be5 35. Nf5 Rh5 36. Ne3 Rxh4 37. Kd3 Rh3 38. Ke4 Rxh2 39. Nxg4 Rh4 40. Kf5
Rh5+ 41. Ke4 Rh4 42. Kf5 Bxc3 43. Nxf6 Bxf6 44. Rxf6 a5 45. bxa5 Ra4 1/2-1/2

[Event "Druzynowe Mistrzostwa Polski Juniorow - Ekstraliga"]
[Site "Osrodek Wczasowo - Szkoleniowy "Relax" ul. Stroma 20, 43-450 Ustron"]
[Date "2011-06-29"]
[Round "6.21"]
[White "Lebiedowicz, Borys"]
[Black "Piotrowski, Przemyslaw"]
[Result "0-1"]
[WhiteTitle "II"]
[BlackTitle "II+"]
[WhiteElo "1682"]
[BlackElo "1953"]

1. e4 c5 2. Nf3 Nc6 3. d4 cxd4 4. Nxd4 Nf6 5. Nc3 d6 6. Bg5 e6 7. Qd2 a6 8. O-O-O
Bd7 9. f4 Be7 10. Bxf6 gxf6 11. f5 Nxd4 12. Qxd4 Qa5 13. g4 Rg8 14. Be2 b5 15.
a3 Rc8 16. h4 d5 17. exd5 e5 18. Qd3 b4 19. Nb1 Bb5 20. Qd2 Bxe2 21. Qxe2 bxa3
22. Nxa3 Bxa3 23. bxa3 Qxa3+ 24. Kd2 Qb4+ 25. Kc1 Rxg4 26. Qxa6 Rgc4 27. Rd2 Qc5
28. Rhh2 Qg1+ 29. Kb2 Rb8+ 30. Ka3 0-1

[Event "Druzynowe Mistrzostwa Polski Juniorow - Ekstraliga"]
[Site "Osrodek Wczasowo - Szkoleniowy "Relax" ul. Stroma 20, 43-450 Ustron"]
[Date "2011-06-29"]
[Round "6.22"]
[White "Gajdamowicz, Patrick"]
[Black "Januszkiewicz, Wojciech"]
[Result "0-1"]
[WhiteTitle "I"]
[BlackTitle "II"]
[WhiteElo "1869"]
[BlackElo "1749"]

1. d4 Nf6 2. c4 e6 3. Nc3 Bb4 4. e3 Bxc3+ 5. bxc3 b6 6. Ne2 Bb7 7. f3 d5 8. Ng3
O-O 9. cxd5 exd5 10. Bd3 Re8 11. O-O c5 12. a3 Qc7 13. e4 cxd4 14. cxd4 dxe4 15.
Bxe4 Nbd7 16. Re1 Nd5 17. Bd2 N7f6 18. Rc1 Qd6 19. Qa4 a6 20. Kh1 b5 21. Qb3 Qb6
22. Rc5 Rad8 23. Bg5 h6 24. Bd2 Nc7 25. Rcc1 Ne6 26. Bxb7 Qxb7 27. Nf5 Nxd4 28.
Rxe8+ Nxe8 29. Nxd4 Rxd4 0-1

[Event "Druzynowe Mistrzostwa Polski Juniorow - Ekstraliga"]
[Site "Osrodek Wczasowo - Szkoleniowy "Relax" ul. Stroma 20, 43-450 Ustron"]
[Date "2011-06-29"]
[Round "6.23"]
[White "Adamowicz, Katarzyna"]
[Black "Chenska, Karolina"]
[Result "1-0"]
[WhiteTitle "WFM"]
[BlackTitle "I"]
[WhiteElo "2106"]
[BlackElo "1662"]

1. e4 c5 2. Nf3 e6 3. d4 cxd4 4. Nxd4 Nf6 5. Nc3 d6 6. Be2 Be7 7. f4 Nc6 8. Be3
a6 9. O-O O-O 10. Kh1 Nxd4 11. Bxd4 b5 12. a3 Bb7 13. Bd3 Nd7 14. e5 dxe5 15.
fxe5 Nc5 16. Bxc5 Bxc5 17. Qh5 h6 18. Be4 Bxe4 19. Nxe4 Be7 20. Rf4 f5 21. exf6
Bxf6 22. Raf1 Kh7 23. Nxf6+ Rxf6 24. Rxf6 gxf6 25. Qf7+ Kh8 26. Qxe6 Kg7 27. h3
Ra7 28. Rf3 Rf7 29. Rg3+ Kf8 30. Qg4 Qb6 31. Qc8+ Ke7 32. Rg8 1-0

[Event "Druzynowe Mistrzostwa Polski Juniorow - Ekstraliga"]
[Site "Osrodek Wczasowo - Szkoleniowy "Relax" ul. Stroma 20, 43-450 Ustron"]
[Date "2011-06-29"]
[Round "6.24"]
[White "Lachowicz, Judyta"]
[Black "Czaplewska, Klara"]
[Result "0-1"]
[WhiteTitle "I"]
[BlackTitle "I"]
[WhiteElo "1695"]
[BlackElo "1586"]

1. e4 e5 2. Nf3 Nc6 3. d4 exd4 4. Nxd4 Bc5 5. Nxc6 Qf6 6. Qd2 dxc6 7. Nc3 Bd4 8.
Bd3 Ne7 9. O-O Ng6 10. Kh1 Ne5 11. Qf4 Ng4 12. Qxf6 gxf6 13. Nd1 Bd7 14. h3 Ne5
15. f4 Nxd3 16. cxd3 O-O-O 17. Be3 c5 18. Bxd4 cxd4 19. f5 Rhg8 20. Rc1 Rg3 21.
Rf3 Rdg8 22. Rc2 Bb5 23. Rd2 Rxf3 24. gxf3 Rg3 25. Nf2 Rxf3 26. Kg2 Re3 27. Ng4
Rxd3 28. Rxd3 Bxd3 29. Kf3 Kd7 30. Nxf6+ Ke7 31. Ng4 Bb1 32. a3 d3 33. Nf2 c5
34. Ke3 c4 35. Kd4 b5 36. Nd1 Bc2 37. Nc3 d2 38. Kc5 d1=Q 39. Nxd1 Bxd1 40. Kxb5
Be2 41. Kc5 Kf6 42. Kd5 Bd3 43. h4 h5 44. Kd4 Bf1 45. Kd5 Ke7 46. Ke5 Bd3 47.
Kd5 f6 48. a4 a5 49. Kd4 Kd6 0-1

[Event "Druzynowe Mistrzostwa Polski Juniorow - Ekstraliga"]
[Site "Osrodek Wczasowo - Szkoleniowy "Relax" ul. Stroma 20, 43-450 Ustron"]
[Date "2011-06-29"]
[Round "6.25"]
[White "Strzemiecki, Zbigniew"]
[Black "Popiol, Michal"]
[Result "1-0"]
[WhiteTitle "FM"]
[BlackTitle "II"]
[WhiteElo "2422"]
[BlackElo "1821"]

1. e4 g6 2. d4 Bg7 3. c4 d6 4. Nc3 Nf6 5. f4 O-O 6. Nf3 c5 7. d5 e6 8. dxe6 Bxe6
9. Bd3 Nc6 10. O-O Nb4 11. Kh1 Re8 12. a3 Nxd3 13. Qxd3 a6 14. f5 Bd7 15. Bg5
Qc8 16. Rae1 gxf5 17. Bxf6 Bxf6 18. Nd5 Qd8 19. exf5 Rxe1 20. Rxe1 Bc6 21. b3
Bxd5 22. Qxd5 Qd7 23. Nd2 Be5 1-0